000 01136cam a22004334i 4500
003 PE-LiUPU
005 20251222122850.0
008 150623s r 000 0 d
035 _a(Sirsi) a28639
035 _a(Sirsi) a28639
040 _aPE-LiUPU
_bspa
_cPE-LiUPU
_erda
082 0 4 _a241.03
_bD554
_223
245 1 0 _aDictionary of christian ethics /
_ceditado por John Macquarrie.
264 1 _aPhiladelphia :
_bThe Westminster Press,
_c1967.
300 _a366 páginas ;
_c24 cm
336 _atext
_2rdacontent
337 _aunmediated
_2rdamedia
338 _avolume
_2rdacarrier
526 _aSEG44
526 _aSEG26
526 _aP151
526 _aP150
526 _aP149
526 _aP146
526 _aP145
526 _aP126
526 _aP125
526 _aP92
526 _aP75
526 _aP74
526 _aP27
526 _aP15
650 1 4 _aÉtica cristiana
_91047
650 2 4 _aTeología moral cristiana
_xDiccionarios
_97747
700 _aMacquarrie, John,
_eeditor.
_97746
942 _2ddc
_cBK
980 _818226
_gJaime Vilcazán Jefe de Análisis Documental
999 _c35909
_d35909